000 00630nam a2200193Ia 4500
008 151121s9999||||xx |||||||||||||| ||und||
082 _a354।54/पालखी
082 _bHNW-66009
100 _aपालखीवाला नानी
245 _a"वुइ, दि नेशन"
260 _b"मेहता प्रकाशन, पुणे।"
260 _c--
300 _a297
600 _aपालखीवाला नानी
630 _a"वुइ, दि नेशन"
700 _aपालखीवाला नानी
730 _a"वुइ, दि नेशन"
942 _cBOOK
999 _c1247506
_d1247503